000 00489nam a22001457a 4500
003 LK-CoMWRAF
005 20240217000817.0
008 231212b |||||||| |||| 00| 0 eng d
040 _aLK-CoMWRAF
_dLK-CoMWRAF
_eLK-CoMWRAF
041 _atam
082 _a364.068
_bKAT
245 _aகாதிநீீதவான்கள் பயிற்சிக்கான கைந்நுால்
260 _aColombo :
_bMuslim Women's Research and Action Forum - MWRAF,
_c2011
942 _cBK
999 _c4357
_d4357